Washington Irving, genio norteamericano : (Record no. 60569)

MARC details
000 -LEADER
campo de control de longitud fija 01237nam a2200265 i 4500
001 - NÚMERO DE CONTROL
campo de control 60569
003 - IDENTIFICADOR DE NÚMERO DE CONTROL
campo de control ES-MaACL
005 - FECHA Y HORA DE LA ÚLTIMA TRANSACCIÓN
campo de control 20240522111033.0
007 - CAMPO FIJO DE DESCRIPCIÓN FÍSICA--INFORMACIÓN GENERAL
campo de control de longitud fija t|
008 - DATOS DE LONGITUD FIJA--INFORMACIÓN GENERAL
campo de control de longitud fija 031105s1936 sp |||| |dspa d
100 1# - ENTRADA PRINCIPAL--NOMBRE DE PERSONA
Nombre de persona Essa, Robert N.
9 (RLIN) 47983
245 10 - MENCIÓN DEL TÍTULO
Título Washington Irving, genio norteamericano :
Resto del título el Shakespeare de la historia : conferencia pronunciada en el Ateneo de Madrid /
Mención de responsabilidad, etc. por Robert N. Essa.
260 ## - PUBLICACIÓN, DISTRIBUCIÓN, ETC.
Lugar de publicación, distribución, etc. Madrid :
Nombre del editor, distribuidor, etc. [s.n.,
Fecha de publicación, distribución, etc. 1936] (
Fabricante Imp. Murillo)
300 ## - DESCRIPCIÓN FÍSICA
Extensión 23 p. ;
Dimensiones 23 cm.
505 8# - NOTA DE CONTENIDO CON FORMATO
Nota de contenido con formato Contiene: Presentación del conferenciante / por Rafael Láinez Alcalá . Biografía del conferenciante / por Francisco Guardiola . Reseña publicada en el diario madrileño "El Sol"
594 ## - Nota al título y mención de responsabilidad
Nota al título y mención de responsabilidad Conferencia pronunciada el 6 o el 16 de junio de 1936
594 ## - Nota al título y mención de responsabilidad
Nota al título y mención de responsabilidad Precede al tít.: La Escuela Graduada de la Universidad de Yale (EE.UU.)
600 04 - PUNTO DE ACCESO ADICIONAL DE MATERIA--NOMBRE DE PERSONA
Nombre de persona Irving, Washington,
Fechas asociadas al nombre 1783-1859
9 (RLIN) 65506
610 24 - PUNTO DE ACCESO ADICIONAL DE MATERIA--NOMBRE DE ENTIDAD CORPORATIVA
Nombre de entidad corporativa o nombre de jurisdicción como elemento de entrada Ateneo de Madrid-
Subdivisión de forma Conferencias-
Subdivisión cronológica 1900-1939
9 (RLIN) 1907
700 1# - ENTRADA AGREGADA--NOMBRE PERSONAL
Nombre de persona Láinez Alcalá, Rafael,
Fechas asociadas al nombre 1899-1982
9 (RLIN) 69691
700 1# - ENTRADA AGREGADA--NOMBRE PERSONAL
Nombre de persona Guardiola, Francisco.
9 (RLIN) 149649
710 2# - ENTRADA AGREGADA--NOMBRE DE ENTIDAD CORPORATIVA
Nombre de entidad corporativa o nombre de jurisdicción como elemento de entrada Ateneo de Madrid.
Unidad subordinada Sección de Literatura.
9 (RLIN) 1997
852 4# - LOCALIZACIÓN
Ubicación ES-MaACL
Número de control de estantería 1811-F-14
Nota libre - Dedicatoria autógrafa del autor
Holdings
Estatus retirado Estado de pérdida Estado de daño No para préstamo Colección Biblioteca de origen Biblioteca actual Ubicación en estantería Fecha de adquisición Fuente de adquisición Total de préstamos Signatura topográfica completa Código de barras Visto por última vez Precio de reemplazo Tipo de ítem Koha
        Colección de folletos Biblioteca del Ateneo de Madrid Biblioteca del Ateneo de Madrid Depósito folletos 17/01/2008     1811-F-14 1063525 23/02/2023 23/02/2023 Folleto